000 00775nab a2200229 i 4500
001 180834
003 ES-MaACL
005 20250903225036.0
008 120718s1913 sp 000 s spa d
040 _aES-MaACL
100 1 _aComenge, Rafael,
_d1856-1934
_eaut
_939990
245 1 3 _aLa Cábala /
_cpor Rafael Comenge
300 _aPáginas 1-24
500 _aEjemplar fotocopiado
594 _aPrecede al título: Conferencias del Ateneo de Madrid
610 2 4 _aAteneo de Madrid-
_vConferencias-
_y1900-1939
_91907
650 7 _aCábala
_2embne
_910652
655 4 _aConferencias
_9234444
773 0 _tLa Palabra : revista taquigráfica,
_xISSN 2479-7723,
_gN. 17-18 (sept. 1913), p. 1-24
_02879
_w2879
_92987
942 _2udc
_cANAB
_n0
999 _c180834
_d180834
955 _bPilar Fernández Vera